000 00769nam a2200241 a 4500
005 20240924070403.0
008 070312s2002 mx r 000 0 spa d
020 _a8493070815
035 _aUPN01000149749
049 _aCG
050 4 _aP85 B7.5
_bF6.7 2002
100 1 _aFoucault, Michel,
_d1926-1984
245 1 0 _a7 sentencias sobre el 7° ángel /
_cMichel Foucault ; tr. de Isidro Herrera ; con un ensayo de Angel Gabilondo.
250 _a2a ed.
260 _aMadrid :
_bArena libros,
_c2002.
300 _a88 p.
440 0 _aArena libros ;
_v1
534 _pTítulo original:
_tSept propos sur le septiéme
600 1 4 _aBRISSET, JEAN PIERRE,
_d1837-1919
_99105
650 4 _aLENGUAS -
_xFILOSOFIA
_93839
650 4 _aFilología
_915443
905 _aLibro
999 _c121890
_d121890